Missing Word: Christian Bale Movies (A-Z) Quiz Stats

 Plays Quiz Updated Sep 7, 2017

Score 0/21 Timer 03:00
0 Plays Today
Hint Answer % Correct
_____ PsychoAmerican
99%
The Dark _____ RisesKnight
96.8%
The _____ KnightDark
95.8%
3:10 to _____Yuma
86.8%
_____ Not ThereI'm
83.7%
The _____ ShortBig
83.7%
Empire of the _____Sun
81.2%
Exodus: _____ and KingsGods
80%
_____ WomenLittle
77.9%
Public _____Enemies
76%
The _____ WorldNew
68.9%
Hint Answer % Correct
Reign of _____Fire
61.2%
American _____Hustle
56.8%
_____ SalvationTerminator
55%
The _____ of a LadyPortrait
50.1%
Howl's _____ CastleMoving
49.5%
_____ of the FurnaceOut
39.6%
_____ GoldmineVelvet
33.7%
_____ DawnRescue
16.2%
The Flowers of _____War
12.8%
Knight of _____Cups
12.1%

Today's Daily Dose

Word Ladder
Bruno Mars Song

Get the Picture
Japanese Cars

You're not logged in!

Compare scores with friends on all Sporcle quizzes.
OR
Log In

You Might Also Like...

Show Comments

Extras

Top Quizzes Today


Score Distribution

Your Account Isn't Verified!

In order to create a playlist on Sporcle, you need to verify the email address you used during registration. Go to your Sporcle Settings to finish the process.

Report this User

Report this user for behavior that violates our Community Guidelines.

Details: